| 000 | 01002nam a22002777a 4500 | ||
|---|---|---|---|
| 001 | 16 | ||
| 003 | FISKH | ||
| 005 | 20250530115416.0 | ||
| 008 | 230105b |||||||| |||| 00| 0 eng d | ||
| 010 | _a2002022696 | ||
| 020 | _a9789996305030 | ||
| 040 |
_aFISKH _beng _cFISKH |
||
| 050 | _aPZ8.D137 | ||
| 100 |
_aDahl, Roald. _d1916-1990 |
||
| 245 |
_aចេម និង ផ្លែប៉ែសយក្ស / _cRoald Dahl |
||
| 246 | _aJames and the giant peach | ||
| 260 |
_aPhnom Penh : _bSipar, _c2012 |
||
| 300 |
_a164 pages : _c19 cm. |
||
| 520 | _aA young boy escapes from two wicked aunts and embarks on a series of adventures with six giant insects he meets inside a giant peach. | ||
| 521 |
_a870 _bFISKH |
||
| 521 |
_a V _bRaz-Paz |
||
| 650 | _aFairy tales. | ||
| 700 |
_aBlake, Quentin _eillustrator |
||
| 856 | _u <a href="http://www.loc.gov/catdir/description/random047/2002022696.html">http://www.loc.gov/catdir/description/random047/2002022696.html</a> | ||
| 942 |
_2ddc _n0 _cBK |
||
| 999 |
_c16 _d16 |
||